000 00351 a2200169 4500
001 187572
020 _a978-85-7319-548-4
040 _cMagnum
100 _aFrança, Mary
240 1 0 _aA vaca malhada
_lpor
245 1 0 _aA vaca malhada
300 _a24
362 0 _a2007
440 1 _aDimensão
697 _aLITERATURA INFANTIL
942 _cBK
999 _c187572
_d187572